000 004310000a22001690004500
003 MACL
005 20151217140202.0
008 151217b xxu||||| |||| 00| 0 eng d
040 _aMACL
_cMACL
041 _aEnglish
082 _a030/GRA
100 _aGraves, Robert
_920748
245 _aLarousse Encyclopedia of Mythology
260 _bBatchworth Press Ltd
_c1959
650 _aEncyclopaedia
_920749
942 _cBK
_k030/GRA
_2ddc
999 _c39680
_d39680